[Event "Ä15Â"]
[Site "Loo"]
[Date "2017.04.23"]
[Round "4.10"]
[White "Ôèëèïïîâà, Ìàðãàðèòà."]
[Black "Êàðåëèíà, Âèêòîðèÿ."]
[Result "1-0"]
[WhiteElo "1767"]
[BlackElo "1826"]
[PlyCount "59"]
[EventDate "2017.04.20"]

1. d4 Nf6 2. Nf3 g6 3. c4 Bg7 4. Nc3 O-O 5. e4 d6 6. Be2 e5 7. O-O Nc6 8. d5
Ne7 9. b4 Ne8 10. c5 h6 11. Nd2 f5 12. Ba3 g5 13. Rc1 Ng6 14. exf5 Bxf5 15.
Nde4 Nf4 16. Bg4 Bxg4 17. Qxg4 Nf6 18. Nxf6+ Qxf6 19. Qf3 Qg6 20. Qe3 g4 21.
cxd6 cxd6 22. Kh1 h5 23. Qe4 Qe8 24. f3 Qd7 25. fxg4 hxg4 26. g3 Nh3 27. Kg2
Ng5 28. Qg6 Nf3 29. Ne4 Qb5 30. Rf2 {äàëåå çàïèñü íåðàçáîð~~èâà} 1-0

[Event "Ä15Â"]
[Site "Loo"]
[Date "2017.04.23"]
[Round "4.11"]
[White "Áàéáóðèíà, Êàìèëëà."]
[Black "Ùåäðîâà, Òàòüÿíà."]
[Result "1-0"]
[WhiteElo "1825"]
[BlackElo "1547"]
[PlyCount "149"]
[EventDate "2017.04.20"]

1. d4 d5 2. Bf4 Nf6 3. e3 Bf5 4. Nf3 e6 5. Bd3 Bg6 6. O-O Nbd7 7. h3 c5 8. c3
Be7 9. Ne5 Nxe5 10. Bxe5 Bxd3 11. Qxd3 c4 12. Qc2 O-O 13. b3 b5 14. Nd2 Bd6 15.
Nf3 Ne4 16. Rab1 cxb3 17. axb3 Rc8 18. Qd3 Bxe5 19. Nxe5 Nxc3 20. Ra1 f6 21.
Nc4 dxc4 22. Qxc3 cxb3 23. Qxb3 Qb6 24. Rfb1 a6 25. Ra2 Ra8 26. d5 exd5 27. e4
Kh8 28. exd5 Rfd8 29. Rc1 Rd6 30. Rac2 Qb7 31. Qf3 Rad8 32. Rc6 h6 33. Qg3 R6d7
34. d6 b4 35. Rc7 Qd5 36. R1c6 a5 37. Qh4 Qf7 38. Qf4 Qe8 39. Qg4 Qf7 40. Rc5
Qe8 41. Rxa5 Rxc7 42. dxc7 Rc8 43. Rc5 b3 44. Qb4 Qe7 45. Qb8 Qd7 46. Qxb3 Kh7
47. Qb1+ Kh8 48. Qc2 Qe8 49. Rd5 Qe7 50. Rc5 Qd7 51. Kh2 Qd6+ 52. g3 Qe7 53.
Qc4 Qe1 54. Kg2 Qe7 55. Qb4 Kh7 56. Qb1+ Kh8 57. Qb8 Qe4+ 58. Kh2 Qe8 59. Rb5
Kh7 60. Rb2 Qd7 61. Rc2 Qe8 62. Qb1 Kh8 63. Qb7 Kh7 64. Rc6 Qd7 65. Qb1+ Kh8
66. Qb8 Kh7 67. Rc2 Qe8 68. Rb2 Qd7 69. Rb7 Qf5 70. Qa7 Qd7 71. Qb6 Qe7 72.
Qb1+ Kh8 73. Qf5 Qe8 74. Qxc8 Qxc8 75. Rb8 1-0

[Event "Ä15Â"]
[Site "Loo"]
[Date "2017.04.23"]
[Round "4.12"]
[White "Äóáíèêîâà, Àíàñòàñèÿ."]
[Black "Ãèðøãîðí, Ìàðèÿ."]
[Result "1/2-1/2"]
[WhiteElo "1697"]
[BlackElo "1813"]
[PlyCount "95"]
[EventDate "2017.04.20"]

1. d4 Nf6 2. c4 g6 3. Nc3 Bg7 4. e4 d6 5. Nf3 O-O 6. Be2 Nc6 7. O-O e5 8. d5
Ne7 9. Be3 Nd7 10. Nd2 f5 11. f3 f4 12. Bf2 g5 13. Rc1 Ng6 14. c5 a6 15. cxd6
cxd6 16. Nc4 Qe7 17. Nb6 Nxb6 18. Bxb6 Bd7 19. Na4 Qe8 20. Nc3 Rc8 21. b4 h5
22. a4 Nh4 23. b5 g4 24. Bf2 gxf3 25. Bxh4 fxe2 26. Qxe2 a5 27. Nb1 Rxc1 28.
Rxc1 Qg6 29. Nd2 Rc8 30. Rxc8+ Bxc8 31. Nc4 Bg4 32. Qd3 f3 33. Nd2 fxg2 34.
Kxg2 Bd1+ 35. Qg3 Qxg3+ 36. Kxg3 Bxa4 37. Bd8 Bxb5 38. Bxa5 Bh6 39. Kf3 Kf7 40.
Nb1 Bd3 41. Nd2 b5 42. Bb4 Ke7 43. h4 Bc2 44. Nf1 Bd1+ 45. Kf2 Bf4 46. Ng3 Bg4
47. Nf1 Kd7 48. Ne3 1/2-1/2

[Event "Ä15Â"]
[Site "Loo"]
[Date "2017.04.23"]
[Round "4.13"]
[White "Ãàðèôóëëèíà, Ëåÿ."]
[Black "Òîëêà÷åâà, Àííà."]
[Result "1/2-1/2"]
[WhiteElo "2015"]
[BlackElo "1656"]
[PlyCount "77"]
[EventDate "2017.04.20"]

1. e4 c5 2. Nf3 d6 3. d4 cxd4 4. Nxd4 Nf6 5. Nc3 a6 6. h3 e6 7. g4 h6 8. Bg2
Be7 9. O-O Qc7 10. Be3 Bd7 11. a4 Nc6 12. Nxc6 Bxc6 13. a5 Nd7 14. f4 Bf6 15.
Qd2 b5 16. axb6 Nxb6 17. b3 O-O 18. Ra2 Qb7 19. Ne2 Rfd8 20. Kh2 Nd7 21. Ng3
Nc5 22. Bxc5 dxc5 23. Qe2 Bb5 24. c4 Bc6 25. Rb1 Rd7 26. Nh5 Bc3 27. Rc2 Bd4
28. e5 Bxg2 29. Qxg2 Qxg2+ 30. Kxg2 Rb8 31. Ra2 Rb6 32. Kf3 Bc3 33. Ke4 Rdb7
34. Kd3 Bd4 35. Ra3 Rd7 36. Ke2 Bc3 37. Ra2 Rdb7 38. Kd3 Bd4 39. Ra3 1/2-1/2

[Event "Ä15Â"]
[Site "Loo"]
[Date "2017.04.23"]
[Round "4.14"]
[White "Áàèøåâà, Íüóðãóéààíà."]
[Black "Âîñêðåñåíñêàÿ, Ìàðòà."]
[Result "0-1"]
[WhiteElo "1728"]
[BlackElo "2009"]
[PlyCount "86"]
[EventDate "2017.04.20"]

1. e4 c5 2. d4 cxd4 3. c3 dxc3 4. Nxc3 Nc6 5. Nf3 g6 6. Bc4 Bg7 7. Qb3 e6 8.
Nb5 Nh6 9. Bf4 O-O 10. Bd6 Na5 11. Qc2 Nxc4 12. Qxc4 a6 13. Nc7 b5 14. Qc5 Rb8
15. Be7 d6 16. Bxd6 Bb7 17. Rd1 Qc8 18. Bxf8 Bxf8 19. Qc3 Bxe4 20. O-O Qb7 21.
Qa5 Rc8 22. Rc1 Bxf3 23. gxf3 Bd6 24. Nxa6 Ra8 25. Qd2 Nf5 26. Nc5 Qxf3 27. Rc3
Qg4+ 28. Kh1 Qh4 29. f4 Bxc5 30. Qg2 Rd8 31. Rxc5 Ne3 32. Qe2 Nxf1 33. Qxf1 Rd2
34. Qg1 Qxf4 35. Rg5 Qf3+ 36. Rg2 Rd1 37. h4 Rxg1+ 38. Kxg1 e5 39. Rf2 Qg3+ 40.
Kf1 Qxh4 41. b4 Qxb4 42. Rc2 Qb1+ 43. Ke2 Qxc2+ 0-1

[Event "Ä15Â"]
[Site "Loo"]
[Date "2017.04.23"]
[Round "4.15"]
[White "Çàêóðèíà, Ìàðèÿ."]
[Black "Ëîñêóòîâà, Âèêòîðèÿ."]
[Result "0-1"]
[WhiteElo "1704"]
[BlackElo "1981"]
[PlyCount "68"]
[EventDate "2017.04.20"]

1. e4 c5 2. Nf3 a6 3. d4 cxd4 4. Nxd4 Nf6 5. Nc3 e5 6. Nf3 Bb4 7. Bd3 Bxc3+ 8.
bxc3 Qc7 9. Bd2 d6 10. O-O O-O 11. Re1 Nbd7 12. Qc1 Nc5 13. Re2 b5 14. c4 bxc4
15. Bxc4 Bb7 16. Ng5 Ncxe4 17. Bxf7+ Rxf7 18. Nxf7 Qxf7 19. f3 Nc5 20. Be3 Rc8
21. Rb1 Nd5 22. Qb2 Nxe3 23. Rxe3 Bc6 24. a3 h6 25. Qb6 Qc7 26. Qxc7 Rxc7 27.
Rb6 Kf7 28. Kf2 Ke6 29. Ke2 Bb5+ 30. c4 Nd7 31. Rxb5 axb5 32. cxb5 Rc2+ 33. Kf1
Rb2 34. a4 Ra2 0-1

[Event "Ä15Â"]
[Site "Loo"]
[Date "2017.04.23"]
[Round "4.16"]
[White "Çàéöåâà, Ëþäìèëà."]
[Black "Êîíîâà, Ïîëèíà."]
[Result "1-0"]
[WhiteElo "1953"]
[BlackElo "1592"]
[PlyCount "63"]
[EventDate "2017.04.20"]

1. Nf3 d5 2. g3 c5 3. Bg2 Nc6 4. O-O e5 5. d3 Nf6 6. Nbd2 Be7 7. e4 d4 8. Nc4
Qc7 9. a4 Be6 10. b3 Bxc4 11. bxc4 Nd7 12. Bd2 a5 13. Ne1 O-O 14. f4 f6 15. f5
Nb4 16. h4 Nb6 17. g4 Rad8 18. g5 Qd7 19. g6 h6 20. Rf3 Rfe8 21. Rg3 Bf8 22.
Nf3 Nxa4 23. Nh2 b5 24. Ng4 bxc4 25. Bxh6 Nc3 26. Qf3 Qe7 27. Bc1 Nxc2 28. Nf2
Qb7 29. Qh5 Bd6 30. Qh7+ Kf8 31. Qh8+ Ke7 32. Qxg7# 1-0

[Event "Ä15Â"]
[Site "Loo"]
[Date "2017.04.23"]
[Round "4.17"]
[White "Êîêóåâà, Àëèñà."]
[Black "Ãóòêîâè÷, Ïîëèíà."]
[Result "1/2-1/2"]
[WhiteElo "1552"]
[BlackElo "1952"]
[PlyCount "73"]
[EventDate "2017.04.20"]

1. e4 c5 2. Nf3 Nc6 3. d4 cxd4 4. Nxd4 Nf6 5. f3 a6 6. c4 e5 7. Nb3 Bb4+ 8. Bd2
Nxe4 9. Bxb4 Qh4+ 10. g3 Nxg3 11. hxg3 Qxh1 12. Bd6 Qg1 13. g4 Qg3+ 14. Ke2 h5
15. Qe1 Qf4 16. Nc3 hxg4 17. fxg4 Rh6 18. c5 Rh1 19. Qf2 Rh2 20. Bg2 Qxg4+ 21.
Kf1 Rh5 22. Bf3 Qh3+ 23. Ke2 Rh6 24. Nd5 Rb8 25. Bxb8 Nxb8 26. Nd2 Nc6 27. Ne4
Nd4+ 28. Ke3 Nf5+ 29. Kd3 Nh4 30. Ke2 d6 31. Rh1 Qxf3+ 32. Qxf3 Nxf3 33. Nxd6+
Rxd6 34. cxd6 Nd4+ 35. Kd3 Ne6 36. Rd1 Bd7 37. Nb6 {äàëåå çàïèñü íåðàçáîð~~èâà}
1/2-1/2

[Event "Ä15Â"]
[Site "Loo"]
[Date "2017.04.23"]
[Round "4.18"]
[White "Ïèêàëîâà, Ñîôüÿ."]
[Black "Åðøîâà, Ñîôüÿ."]
[Result "1-0"]
[WhiteElo "1800"]
[BlackElo "1727"]
[PlyCount "93"]
[EventDate "2017.04.20"]

1. e4 c5 2. Nf3 e6 3. g3 Nf6 4. Nc3 d6 5. Bg2 g6 6. O-O Bg7 7. d4 Qe7 8. dxc5
dxc5 9. Bf4 Nfd7 10. Nb5 O-O 11. Bd6 Qd8 12. Bxf8 Bxf8 13. Nd6 Nc6 14. Qd2 Nce5
15. Nxe5 Nxe5 16. Rad1 Qb6 17. f4 Nc6 18. Nc4 Qc7 19. c3 b5 20. Nd6 Ba6 21. e5
Rd8 22. Rfe1 Kg7 23. Bxc6 Qxc6 24. Nf5+ exf5 25. Qxd8 Bb7 26. Qf6+ Qxf6 27.
exf6+ Kxf6 28. Rd8 Be7 29. Rd7 Be4 30. Rxa7 c4 31. Ra6+ Kg7 32. Kf1 b4 33. cxb4
Bxb4 34. Rxe4 fxe4 35. Ra4 Bd2 36. Rxc4 e3 37. g4 Kf6 38. Re4 Kg7 39. Ke2 f5
40. gxf5 gxf5 41. Rxe3 Bc1 42. Rf3 Bxb2 43. a4 Ba3 44. a5 Bc5 45. Rb3 Kf6 46.
Rb7 h6 47. a6 1-0

[Event "Ä15Â"]
[Site "Loo"]
[Date "2017.04.23"]
[Round "4.19"]
[White "Ïóäàëåâà, Çëàòà."]
[Black "Êðèêóíîâà, Îëåñÿ."]
[Result "1-0"]
[WhiteElo "1702"]
[BlackElo "1847"]
[PlyCount "95"]
[EventDate "2017.04.20"]

1. e4 d6 2. d4 Nf6 3. Nc3 e5 4. Nge2 Be7 5. g3 O-O 6. Bg2 c6 7. a4 a5 8. O-O
Na6 9. h3 Nb4 10. g4 Qc7 11. f4 Rd8 12. f5 d5 13. exd5 Nfxd5 14. Nxd5 Nxd5 15.
c3 Qb6 16. Bxd5 Rxd5 17. Qc2 exd4 18. Nxd4 Bc5 19. Be3 Re5 20. Bf2 Bd7 21. Rfe1
Rae8 22. Rxe5 Rxe5 23. Rd1 Re8 24. Nf3 Bc8 25. Bxc5 Qxc5+ 26. Qf2 Qxf2+ 27.
Kxf2 f6 28. Kg3 Kf7 29. Kf4 g6 30. b4 axb4 31. cxb4 g5+ 32. Kg3 h5 33. Kf2 Re7
34. Rd8 hxg4 35. hxg4 Re8 36. Rxe8 Kxe8 37. Nd2 Ke7 38. Ke3 Bd7 39. Ne4 Be8 40.
a5 Bf7 41. Nc5 Bc4 42. Nxb7 Kd7 43. Nc5+ Kc7 44. Ne4 Bf1 45. Nxf6 Kb7 46. Kd4
Be2 47. Ne4 Bxg4 48. f6 1-0

[Event "Ä15Â"]
[Site "Loo"]
[Date "2017.04.23"]
[Round "4.20"]
[White "Ñîñíèíà, Åêàòåðèíà."]
[Black "Àðòþõîâà, Åëèçàâåòà."]
[Result "1-0"]
[WhiteElo "1812"]
[BlackElo "1688"]
[PlyCount "93"]
[EventDate "2017.04.20"]

1. e4 c5 2. a3 Nc6 3. b4 Nf6 4. b5 Nd4 5. c3 Ne6 6. e5 Nd5 7. g3 d6 8. d4 cxd4
9. cxd4 Qb6 10. Bg2 Qxb5 11. Ne2 Bd7 12. O-O dxe5 13. a4 Qc6 14. dxe5 Nec7 15.
Nf4 Be6 16. Ra3 Qc5 17. Nxd5 Nxd5 18. Rd3 Nb4 19. Ba3 Qb6 20. Rd4 Nc6 21. Rd2
g6 22. Rb2 Qc7 23. Qc2 Rc8 24. Rc1 Bd7 25. e6 fxe6 26. Qc3 e5 27. Qb3 b6 28.
Rbc2 Qb7 29. Qb5 a6 30. Bxc6 Rxc6 31. Qxe5 Rxc2 32. Rxc2 Rg8 33. Re2 Bh3 34. f4
Qf3 35. Nd2 Qxa3 36. Qd5 Qc5+ 37. Qxc5 bxc5 38. Ne4 Kd8 39. Nxc5 Bc8 40. Rd2+
Kc7 41. Rc2 Kb6 42. Nb3 e6 43. Rxc8 g5 44. Nd4 Kb7 45. Rd8 Rh8 46. Nxe6 gxf4
47. Rxf8 1-0

[Event "Ä15Â"]
[Site "Loo"]
[Date "2017.04.23"]
[Round "4.21"]
[White "Ñâåòëîâà, Êñåíèÿ."]
[Black "Ðûáàêîâà, Àíàñòàñèÿ."]
[Result "1-0"]
[WhiteElo "1676"]
[BlackElo "1812"]
[PlyCount "89"]
[EventDate "2017.04.20"]

1. d4 e6 2. e4 d5 3. Nc3 Nf6 4. Bg5 Be7 5. e5 Nfd7 6. h4 h6 7. Be3 c5 8. Qg4
Nc6 9. Qxg7 Rf8 10. Nf3 cxd4 11. Bxd4 a6 12. O-O-O b5 13. Qxh6 Qa5 14. Kb1 b4
15. Ne2 Rb8 16. Qe3 Qc7 17. g4 Nxd4 18. Nexd4 Nb6 19. Nd2 Bd7 20. f4 Nc4 21.
Qd3 Bb5 22. Nxb5 axb5 23. Nb3 Ra8 24. Nc1 Kd7 25. Bg2 Rfc8 26. h5 b3 27. cxb3
Ba3 28. Bxd5 Nxb2 29. Bxe6+ Kxe6 30. Qf5+ Ke7 31. Qf6+ Ke8 32. Qh8+ Bf8 33. Rd2
Nc4 34. bxc4 bxc4 35. e6 fxe6 36. Re1 Rab8+ 37. Kc2 Qc6 38. Rxe6+ Qxe6 39. Re2
Qxe2+ 40. Nxe2 Kf7 41. Qh7+ Ke6 42. Qf5+ Kd6 43. Qe5+ Kd7 44. Nd4 Ba3 45. Qe6+
1-0

[Event "Ä15Â"]
[Site "Loo"]
[Date "2017.04.23"]
[Round "4.22"]
[White "Ýôåíäèåâà, Àëèíà."]
[Black "Åðîõîâà, Âèîëåòòà."]
[Result "1/2-1/2"]
[WhiteElo "1661"]
[BlackElo "1746"]
[PlyCount "101"]
[EventDate "2017.04.20"]

1. e4 e6 2. d4 d5 3. Nc3 dxe4 4. Nxe4 Bd7 5. Nf3 Bc6 6. Nc3 Nd7 7. Be2 Ngf6 8.
O-O g6 9. Bg5 Bg7 10. Ne5 Nxe5 11. dxe5 Qxd1 12. Raxd1 Nd5 13. Nxd5 Bxd5 14. c4
Bc6 15. f4 h6 16. Bh4 g5 17. Bg3 gxf4 18. Bxf4 Ke7 19. Bg3 Rhg8 20. Bf3 Bh8 21.
Bxc6 bxc6 22. Rd4 Ke8 23. Rfd1 Rxg3 24. hxg3 Bxe5 25. Rg4 Ke7 26. b3 Rh8 27. c5
Rb8 28. Rh4 Rb5 29. Rxh6 Rxc5 30. g4 Rd5 31. Rf1 Bg7 32. Rh5 Rd4 33. Rg5 Bf6
34. Rg8 Rd2 35. a4 Rd7 36. g5 Bd4+ 37. Kh2 Rd5 38. g4 Be5+ 39. Kh1 Rd3 40. g6
fxg6 41. Rxg6 Rxb3 42. Re1 Kf7 43. Rh6 Bd6 44. Rexe6 Rb4 45. g5 Rxa4 46. Rhf6+
Kg7 47. Rg6+ Kh7 48. Rh6+ Kg7 49. Rhg6+ Kh7 50. Rh6+ Kg7 51. Rhg6+ 1/2-1/2

[Event "Ä15Â"]
[Site "Loo"]
[Date "2017.04.23"]
[Round "4.23"]
[White "Ñòàðîñòèíà, Àëåêñàíäðà."]
[Black "Ìèõàéëîâà, Þëèÿ."]
[Result "0-1"]
[WhiteElo "1603"]
[BlackElo "1733"]
[PlyCount "134"]
[EventDate "2017.04.20"]

1. e4 c5 2. Nf3 d6 3. c3 Nf6 4. Be2 g6 5. O-O Bg7 6. Qc2 Nc6 7. h3 O-O 8. d4
cxd4 9. cxd4 Bd7 10. Nc3 Rc8 11. Be3 a6 12. a4 Na5 13. Nd2 Nc6 14. Nb3 e6 15.
Qd2 Re8 16. Rac1 Na5 17. Nxa5 Qxa5 18. Qd1 Bc6 19. Bf3 Qb4 20. b3 Qa5 21. Qd3
Nd7 22. Qd2 Nb8 23. Ne2 Qxd2 24. Bxd2 f5 25. d5 exd5 26. exd5 Bd7 27. Rxc8 Rxc8
28. Rc1 Rxc1+ 29. Bxc1 Be8 30. Ba3 Bf8 31. Nf4 Bf7 32. Ne6 Bxe6 33. dxe6 Nc6
34. Bd5 Be7 35. Bxd6 Kf8 36. Bc7 Bc5 37. Kf1 Ke7 38. f3 Bb4 39. Kf2 Bc5+ 40.
Ke1 Bb4+ 41. Ke2 Nd4+ 42. Kd3 Nxe6 43. Bxe6 Kxe6 44. Kd4 Be7 45. g3 Bf8 46. Kc4
Be7 47. b4 Bf8 48. b5 Be7 49. g4 fxg4 50. fxg4 h5 51. Bb6 hxg4 52. hxg4 Bd6 53.
Bc5 Bc7 54. Bf8 Bb6 55. Kb4 Kd5 56. a5 Bc7 57. Ka4 Kc4 58. bxa6 bxa6 59. Be7
Be5 60. Bd8 Bd4 61. Bb6 Bc5 62. Bd8 Bb4 63. Bf6 Bc3 64. Be7 Bb2 65. Bd8 Bc3 66.
Be7 Bb2 67. Bd8 Bd4 {äàëåå ïàðòèÿ íå ðàçáîð~~èâà} 0-1

[Event "Ä15Â"]
[Site "Loo"]
[Date "2017.04.23"]
[Round "4.24"]
[White "Áóðíÿøåâà, Åëåíà."]
[Black "Ãðóáîâà, Ñîôèÿ."]
[Result "1-0"]
[WhiteElo "1721"]
[BlackElo "1650"]
[PlyCount "71"]
[EventDate "2017.04.20"]

1. e4 c5 2. Nf3 Nc6 3. d4 cxd4 4. Nxd4 Nf6 5. Nc3 d6 6. Bg5 e6 7. Qd2 Be7 8.
O-O-O O-O 9. Kb1 Nxd4 10. Qxd4 Qa5 11. f4 e5 12. Qd2 h6 13. Bxf6 Bxf6 14. f5
Bg5 15. Qf2 Rd8 16. h4 Bf6 17. Nd5 b5 18. Rh3 b4 19. Qd2 Kh7 20. Qxb4 Qxb4 21.
Nxb4 Bb7 22. Nd5 Rac8 23. Ra3 Bxd5 24. Rxd5 Rd7 25. g3 g6 26. fxg6+ Kxg6 27.
Bh3 Rcd8 28. Bxd7 Rxd7 29. Ra6 Be7 30. Rxe5 f6 31. Rea5 Bd8 32. h5+ Kf7 33.
Rxa7 Ke6 34. Rxd7 Kxd7 35. Ra7+ Bc7 36. b4 1-0

[Event "Ä15Â"]
[Site "Loo"]
[Date "2017.04.23"]
[Round "4.25"]
[White "Ñû÷, Àëèíà."]
[Black "Òóðêî, Àíàñòàñèÿ."]
[Result "0-1"]
[WhiteElo "1478"]
[BlackElo "1719"]
[PlyCount "81"]
[EventDate "2017.04.20"]

1. e4 Nf6 2. e5 Nd5 3. d4 d6 4. Nf3 Nb6 5. Be2 g6 6. O-O Bg7 7. Be3 O-O 8. exd6
cxd6 9. c4 Bg4 10. Nc3 Nc6 11. b3 d5 12. c5 Nc8 13. h3 Bxf3 14. Bxf3 e6 15. Qd2
N8e7 16. Ne2 Nf5 17. Rad1 Qd7 18. Bg4 Nfe7 19. Bh6 Rad8 20. Bxg7 Kxg7 21. f4
Qc7 22. b4 a6 23. a3 h5 24. Bf3 Nf5 25. g4 hxg4 26. hxg4 Nh6 27. Kg2 Rh8 28.
Rh1 Rh7 29. Rh2 Rdh8 30. Rdh1 f6 31. Ng3 b6 32. Qe3 bxc5 33. Qxe6 Nxd4 34. Qxd5
Nxf3 35. Qxf3 cxb4 36. axb4 Nf7 37. Rxh7+ Rxh7 38. Rxh7+ Kxh7 39. f5 Qc2+ 40.
Kh3 Ng5+ 41. Kh4 0-1

[Event "Ä15Â"]
[Site "Loo"]
[Date "2017.04.23"]
[Round "4.26"]
[White "Áàíäóðèíà, Ñîôèÿ."]
[Black "Àëèâåðäèåâà, Ýëèíà."]
[Result "1/2-1/2"]
[WhiteElo "1717"]
[BlackElo "1674"]
[PlyCount "107"]
[EventDate "2017.04.20"]

1. d4 Nf6 2. Bg5 d5 3. Bxf6 gxf6 4. c4 c6 5. e3 Bf5 6. Nc3 e6 7. Nf3 Bg7 8. Be2
O-O 9. h3 Nd7 10. g4 Bg6 11. h4 h6 12. Rg1 Qb6 13. Qd2 dxc4 14. g5 fxg5 15.
hxg5 hxg5 16. Rxg5 c5 17. O-O-O cxd4 18. Nxd4 Ne5 19. f4 Nd3+ 20. Bxd3 cxd3 21.
Qf2 Rfd8 22. Rb5 Qc7 23. Rg5 Bxd4 24. exd4 Qc4 25. f5 exf5 26. Qxf5 Qxd4 27.
Rxg6+ fxg6 28. Qxg6+ Qg7 29. Qe6+ Qf7 30. Rg1+ Kf8 31. Qh6+ Ke8 32. Rg7 d2+ 33.
Kc2 Qf5+ 34. Kb3 d1=Q+ 35. Nxd1 Qb5+ 36. Ka3 Qa5+ 37. Kb3 Qd5+ 38. Ka3 Qa5+ 39.
Kb3 Qb6+ 40. Qxb6 axb6 41. Nc3 Rab8 42. Rg6 Kd7 43. Rxb6 Kc7 44. Rh6 Rd2 45.
Rh7+ Kb6 46. Rh6+ Kc7 47. Rh7+ Rd7 48. Nb5+ Kc6 49. Na7+ Kd6 50. Nb5+ Kc6 51.
Na7+ Kd6 52. Nb5+ Ke6 53. Nc7+ Kd6 54. Nb5+ 1/2-1/2

[Event "Ä15Â"]
[Site "Loo"]
[Date "2017.04.23"]
[Round "4.27"]
[White "Àëôåðîâà, Ïîëèíà."]
[Black "Ñóðêîâà, Ñîôüÿ."]
[Result "0-1"]
[WhiteElo "1712"]
[BlackElo "1618"]
[PlyCount "27"]
[EventDate "2017.04.20"]

1. d4 Nf6 2. c4 e5 3. d5 c6 4. Nc3 cxd5 5. cxd5 d6 6. e4 g6 7. f4 Bg7 8. Nf3
O-O 9. Be2 Nfd7 10. O-O a6 11. a4 Re8 12. fxe5 Nxe5 13. Nxe5 Bxe5 14. Bf4 {
äàëåå çàïèñü íå ðàçáîð~~èâà} 0-1

[Event "Ä15Â"]
[Site "Loo"]
[Date "2017.04.23"]
[Round "4.28"]
[White "Óñà÷åâà, Ãëàôèðà."]
[Black "Òåðåøå÷êèíà, Òàèñèÿ."]
[Result "1/2-1/2"]
[WhiteElo "1705"]
[BlackElo "1711"]
[PlyCount "72"]
[EventDate "2017.04.20"]

1. e4 c6 2. d4 d5 3. Nc3 dxe4 4. Nxe4 Nf6 5. Nxf6+ exf6 6. Nf3 Bd6 7. Be2 O-O
8. O-O Qc7 9. c4 Rd8 10. Qc2 Bg4 11. h3 Bh5 12. Rd1 Nd7 13. Be3 Nf8 14. Nh4 Bg6
15. Nxg6 hxg6 16. Bf3 Nd7 17. Rac1 Bf4 18. Bxf4 Qxf4 19. Qb3 Rab8 20. g3 Qh6
21. Bg2 Nb6 22. Rc3 Rd7 23. Re3 Qh5 24. Re4 Nxc4 25. Rde1 Nd6 26. Re7 Rxe7 27.
Rxe7 Rd8 28. d5 cxd5 29. g4 Qg5 30. Bxd5 Qc1+ 31. Kg2 Rf8 32. Bxb7 Rb8 33. Qd5
Rxb7 34. Rxb7 Nxb7 35. Qxb7 Qc5 36. Qa8+ Kh7 1/2-1/2

[Event "Ä15Â"]
[Site "Loo"]
[Date "2017.04.23"]
[Round "4.29"]
[White "Êîêàåâà, Àíàñòàñèÿ."]
[Black "Çåëåíñêàÿ, Àíàñòàñèÿ."]
[Result "0-1"]
[WhiteElo "1424"]
[BlackElo "1738"]
[PlyCount "75"]
[EventDate "2017.04.20"]

1. d4 d5 2. c4 c6 3. Nc3 Nf6 4. Nf3 e6 5. cxd5 exd5 6. Bg5 Be7 7. Qc2 Nbd7 8.
e3 O-O 9. Bd3 Re8 10. O-O h6 11. Bh4 Ne4 12. Bxe7 Qxe7 13. Bxe4 dxe4 14. Nd2
Nf6 15. Nc4 Bf5 16. Rab1 Rac8 17. b4 Nd5 18. Qb3 Red8 19. a4 Qg5 20. Ne2 h5 21.
Ng3 Bh7 22. Rfc1 h4 23. Ne2 h3 24. Ng3 hxg2 25. Kxg2 f5 26. Kh1 Kh8 27. Rg1 f4
28. Ne5 Rf8 29. Ne2 Qh5 30. Nxf4 Nxf4 31. exf4 Rxf4 32. Qg3 Qh6 33. Rg2 Rg8 34.
Rbg1 Qf6 35. Qe3 g5 36. Rxg5 Rxg5 37. Rxg5 Rxf2 38. Rg4 {
äàëåå çàïèñü íå ðàçáîð~~èâà...} 0-1

[Event "Ä15Â"]
[Site "Loo"]
[Date "2017.04.23"]
[Round "4.30"]
[White "Ãàðàôóòäèíîâà, Äèàíà."]
[Black "Àáäóëêåðèìîâà, Ìàäèíà."]
[Result "1-0"]
[WhiteElo "1654"]
[BlackElo "1400"]
[PlyCount "58"]
[EventDate "2017.04.20"]

1. e4 d6 2. d4 Nf6 3. Bd3 g6 4. Ne2 Bg7 5. c3 O-O 6. O-O Nbd7 7. Nd2 c5 8. Nb3
c4 9. Bxc4 Nxe4 10. Nf4 e5 11. Nd5 exd4 12. Nxd4 Ne5 13. Be2 Nc6 14. Nf3 Be6
15. Bf4 Re8 16. Ne3 d5 17. Bd3 Qb6 18. Qc2 f5 19. Bxe4 dxe4 20. Ng5 Rac8 21.
Nxe6 Rxe6 22. Nd5 Qc5 23. Nc7 Re7 24. Qb3+ Rf7 25. Rad1 Na5 26. Qe6 Qe7 27.
Qxc8+ Bf8 28. Qe6 Qc5 29. Qd5 Qb6 1-0

[Event "Ì17Ï"]
[Site "Loo"]
[Date "2017.04.23"]
[Round "4.1"]
[White "Äóáèíèí, Àëåêñàíäð."]
[Black "Øåìÿêèí, Âàëåðèé."]
[Result "0-1"]
[WhiteElo "2165"]
[BlackElo "2039"]
[PlyCount "120"]
[EventDate "2017.04.20"]

1. e4 Nc6 2. Nc3 Nf6 3. Nf3 d6 4. d4 g6 5. h3 Bg7 6. Be3 O-O 7. Qd2 e5 8. dxe5
Nxe5 9. O-O-O Be6 10. Bg5 Nxf3 11. gxf3 Qd7 12. f4 Ne8 13. Kb1 h6 14. Bh4 Bxc3
15. Qxc3 Qa4 16. b3 Qxe4 17. Bd3 Qxf4 18. Be7 a5 19. Rde1 a4 20. Bxf8 Kxf8 21.
Bxg6 axb3 22. axb3 Nf6 23. Bd3 c5 24. Rhg1 Ke7 25. Qc4 Qxc4 26. Bxc4 d5 27. Bd3
Kd6 28. h4 c4 29. bxc4 dxc4 30. Be4 c3 31. Rg3 Ba2+ 32. Kc1 Bd5 33. Rxc3 Ra1+
34. Kb2 Rxe1 35. Bxd5 Nxd5 36. Rf3 f6 37. c4 Nb6 38. Rxf6+ Kc5 39. Rxh6 Nxc4+
40. Kc3 b5 41. Rh5+ Re5 42. Rh8 b4+ 43. Kb3 Nd2+ 44. Kc2 Nf3 45. h5 Kc4 46.
Rc8+ Rc5 47. Rh8 Nd4+ 48. Kb2 Kd3 49. h6 Rc2+ 50. Kb1 b3 51. Rd8 Rc7 52. Kb2
Rh7 53. Rd6 Rf7 54. f4 Rxf4 55. h7 Rf2+ 56. Kb1 Rh2 57. Rd7 Kc3 58. Rc7+ Kb4
59. Rg7 Nb5 60. Rb7 Kc3 0-1

[Event "Ì17Ï"]
[Site "Loo"]
[Date "2017.04.23"]
[Round "4.2"]
[White "Ëàïòåâ, Òèìîôåé."]
[Black "Ìèøèí, Âÿ÷åñëàâ."]
[Result "0-1"]
[WhiteElo "1870"]
[BlackElo "2092"]
[PlyCount "98"]
[EventDate "2017.04.20"]

1. c4 e6 2. d4 d5 3. Nc3 c5 4. e3 Nf6 5. Nf3 a6 6. Be2 dxc4 7. Bxc4 b5 8. Be2
Bb7 9. O-O Nbd7 10. b3 Bd6 11. Bb2 O-O 12. Rc1 Rc8 13. a4 cxd4 14. exd4 b4 15.
Nb1 Rxc1 16. Qxc1 Nd5 17. Nbd2 Nf4 18. Bc4 Nb6 19. Qd1 Bb8 20. g3 Nh3+ 21. Kg2
Nxc4 22. bxc4 Ng5 23. Kg1 Nxf3+ 24. Nxf3 Qa5 25. Nd2 Qf5 26. Qb3 a5 27. Ba1 Rd8
28. Re1 Ba7 29. Qe3 h6 30. Nb3 Bc6 31. Qe5 Qf3 32. Kf1 Qg2+ 33. Ke2 Bf3+ 34.
Ke3 Bg4 35. Nd2 Qa8 36. f3 Bf5 37. g4 Bc2 38. Kf2 Qb8 39. c5 Qxe5 40. Rxe5 Bb8
41. Rh5 Bxa4 42. Nc4 Bc7 43. c6 Rd5 44. Ke3 Bxc6 45. Kd3 Rxh5 46. gxh5 Bxf3 47.
Nb2 Bxh5 48. Kc4 Be2+ 49. Kc5 Bxh2 0-1

[Event "Ì17Ï"]
[Site "Loo"]
[Date "2017.04.23"]
[Round "4.3"]
[White "Çàáîëîòíîâ, Åâãåíèé."]
[Black "Òÿòþøêèí, Äàíèë."]
[Result "0-1"]
[WhiteElo "2087"]
[BlackElo "1985"]
[PlyCount "112"]
[EventDate "2017.04.20"]

1. d4 d5 2. c4 e6 3. Nc3 Nf6 4. cxd5 exd5 5. Bg5 c6 6. e3 Be7 7. Bd3 Be6 8. Qc2
Nbd7 9. Nge2 h6 10. Bf4 O-O 11. h3 Re8 12. g4 Nf8 13. O-O-O N6d7 14. Rdg1 b5
15. h4 Bxh4 16. g5 hxg5 17. Rxh4 gxh4 18. Bh6 Qf6 19. Bxg7 Qxg7 20. Rxg7+ Kxg7
21. Nf4 Nf6 22. Qd1 N8d7 23. Qg1+ Kf8 24. Qg5 Ke7 25. Nxe6 fxe6 26. Qxh4 Rh8
27. Qf4 Rac8 28. e4 dxe4 29. Nxe4 Nxe4 30. Bxe4 Nf6 31. Qg5 Rhg8 32. Qc5+ Kd7
33. Bf3 Rc7 34. Qe5 Nd5 35. Qh5 Rg7 36. Qe5 Rf7 37. Qh5 Kc8 38. Bg4 Rxf2 39.
Qe8+ Kb7 40. Qxe6 Rf4 41. a3 Rxd4 42. Kb1 Rd2 43. Qe1 Rd4 44. Qe6 Nb6 45. Bf3
Rd2 46. Qe5 a6 47. b3 Rd3 48. Be4 Rxb3+ 49. Kc2 Rxa3 50. Qc5 Ra4 51. Bd3 Nd5
52. Kb2 Rg7 53. Qf8 Rg2+ 54. Bc2 Rf4 55. Qe8 Rff2 56. Qd7+ Nc7 0-1

[Event "Ì17Ï"]
[Site "Loo"]
[Date "2017.04.23"]
[Round "4.4"]
[White "Íåçíàíîâ, Àëåêñàíäð."]
[Black "Ðîãîöêèé, Þðèé."]
[Result "1-0"]
[WhiteElo "2050"]
[BlackElo "1960"]
[PlyCount "81"]
[EventDate "2017.04.20"]

1. c4 Nf6 2. Nc3 d5 3. cxd5 Nxd5 4. g3 g6 5. Bg2 Nb6 6. Nf3 Bg7 7. O-O O-O 8.
d3 c6 9. Bf4 N8d7 10. Qd2 Re8 11. Rad1 Nc5 12. Bh6 Bh8 13. h3 e5 14. b4 Ne6 15.
Ne4 Nd5 16. Nc5 a5 17. a3 axb4 18. axb4 Nxc5 19. bxc5 Qa5 20. e4 Nc7 21. Qc1
Ne6 22. Be3 Qb4 23. Qc2 Ra3 24. Rc1 Nd4 25. Qd1 Nxf3+ 26. Bxf3 Bxh3 27. Re1 Be6
28. Rb1 Bb3 29. Qc1 Qa4 30. Bd1 Rd8 31. Rxb3 Rxb3 32. Qc2 Rdxd3 33. Qxd3 Rxd3
34. Bxa4 Ra3 35. Bc2 Rc3 36. Rc1 Bf6 37. Bd1 Rxc1 38. Bxc1 Be7 39. Be3 Kf8 40.
Bg4 Ke8 41. Bc8 1-0

[Event "Ì17Ï"]
[Site "Loo"]
[Date "2017.04.23"]
[Round "4.5"]
[White "Êûðíàåâ, Àëåêñåé."]
[Black "Óñàíèí, Ìèõàèë."]
[Result "1-0"]
[WhiteElo "2048"]
[BlackElo "1907"]
[PlyCount "107"]
[EventDate "2017.04.20"]

1. d4 Nf6 2. Nf3 e6 3. g3 d5 4. Bg2 Bb4+ 5. c3 Be7 6. O-O O-O 7. c4 c6 8. Nc3
b6 9. Ne5 Bb7 10. e4 dxe4 11. Nxe4 Nxe4 12. Bxe4 f6 13. Ng6 Re8 14. Nxe7+ Qxe7
15. Re1 Qf7 16. Qc2 f5 17. Bg2 Nd7 18. Bf4 Nf6 19. Bd6 Red8 20. c5 b5 21. a4 a6
22. Re2 Re8 23. Rae1 Qd7 24. Qb3 Nd5 25. Bxd5 cxd5 26. a5 Bc6 27. Re5 Qf7 28.
Qe3 Bd7 29. b4 Rac8 30. h3 Qh5 31. g4 Qg6 32. Qg3 Qf7 33. gxf5 Qf6 34. fxe6
Bxe6 35. Rg5 g6 36. Be5 Qf7 37. Re3 Rf8 38. Bd6 Rfe8 39. Rf3 Qg7 40. Be5 Qh6
41. Rf4 Bf7 42. Rh4 Qf8 43. Qf3 Qe7 44. Rhg4 Rc6 45. Rg2 h6 46. R5g3 Kh7 47. h4
Rg8 48. h5 Qe8 49. Rg4 gxh5 50. Rg7+ Rxg7 51. Rxg7+ Kh8 52. Rxf7+ Kg8 53. Rg7+
Kh8 54. Re7+ 1-0